000 00730nam a2200241 a 4500
001 000030324
003 DO-SdBNP
005 20180402102517.0
007 000030324
008 110510s2004 dr a 000 0 spa d
040 _aBPMET
_bspa
_cBPMET
092 _axxxx
_bG861r
100 1 _aGrimaldi Silié, Eleanor,
_d1948-
245 1 3 _aLa restauración /
_cEleanor Grimaldi Silié.
260 _aSanto Domingo :
_bEl Siglo,
_c[19--?].
300 _a31 p. :
_bil. ;
_c26 cm.
930 1 _lBND01
_mLF1
_820110510
_f01
_pCT
_g24770
942 _2ddc
_cBK
945 _aInventariado 2017
956 _aDGARCIA
_b10
_c20110510
_lBND01
_h0935
956 _aTMEREDITH
_b10
_c20110512
_lBND01
_h1059
956 _aVMATEO
_b10
_c20150515
_lBMET02
_h00151
999 _c7881
_d7881